|
|
|
|
| LEADER |
00000nam0a2200000 4500 |
| 001 |
220719 |
| 005 |
20231031195454.0 |
| 010 |
|
|
|a 5835501196
|
| 020 |
|
|
|a RU
|b 90-12514
|
| 035 |
|
|
|a (RuTPU)RU\TPU\book\240851
|
| 090 |
|
|
|a 220719
|
| 100 |
|
|
|a 20120829d1989 m a0rusy5003 ca
|
| 101 |
0 |
|
|a rus
|
| 102 |
|
|
|a KG
|
| 105 |
|
|
|a y z 001zy
|
| 200 |
1 |
|
|a Горно-экономическое обоснование рациональных методов подземной разработки рудных месторождений
|e сборник статей
|f Академия наук Киргизской ССР (АН КиргССР), Институт физики и механики горных пород ; под ред. В. Х. Гришина
|
| 210 |
|
|
|a Фрунзе
|c Илим
|d 1989
|
| 215 |
|
|
|a 144 с.
|c ил.
|d 20 см
|
| 320 |
|
|
|a Библиогр. в конце ст.
|
| 610 |
1 |
|
|a рудные месторождения
|
| 610 |
1 |
|
|a экономическое обоснование
|
| 610 |
1 |
|
|a подземные разработки
|
| 675 |
|
|
|a 622.272.013
|z rus
|
| 702 |
|
1 |
|a Гришин
|b В. Х.
|4 340
|
| 712 |
0 |
2 |
|a Академия наук Киргизской ССР (АН КиргССР)
|b Институт физики и механики горных пород
|2 stltpush
|3 (RuTPU)RU\TPU\col\12429
|
| 801 |
|
0 |
|a RU
|b RuMRKP
|c 19960705
|g psbo
|
| 801 |
|
1 |
|a RU
|b 63413507
|c 20120829
|
| 801 |
|
2 |
|a RU
|b 63413507
|c 20120903
|g RCR
|
| 942 |
|
|
|c BK
|